Persian Presence in the Islamic World (Record no. 9571)

MARC details
000 -LEADER
fixed length control field 00675nam a2200253 a 4500
020 ## - INTERNATIONAL STANDARD BOOK NUMBER
ISBN 0521856
082 00 - DEWEY DECIMAL CLASSIFICATION NUMBER
Classification number 909.0974927
Author Cutter HOV
100 ## - MAIN ENTRY--AUTHOR NAME
Author name Hovannisian, Richared
245 ## - TITLE STATEMENT
Title Persian Presence in the Islamic World
260 ## - PUBLICATION, DISTRIBUTION, ETC. (IMPRINT)
Place of publication Cambridge
Name of publisher Cambridge University Press
Year of publication 1998
300 ## - PHYSICAL DESCRIPTION
Number of Pages 267p
500 ## - GENERAL NOTE
General note includes index and biblioraphy
505 2# - FORMATTED CONTENTS NOTE
Formatted contents note Indices
650 ## - SUBJECT ADDED ENTRY--TOPICAL TERM
Topical Term Civilization-Arab
650 ## - SUBJECT ADDED ENTRY--TOPICAL TERM
Topical Term Iran-Civilization
650 ## - SUBJECT ADDED ENTRY--TOPICAL TERM
Topical Term Islamic-Countries Civilization
942 ## - ADDED ENTRY ELEMENTS (KOHA)
Koha item type Books
Holdings
Collection code Home library Current library Date acquired Cost, normal purchase price Full call number Accession Number Koha item type
  Henry Martyn Institute Library Henry Martyn Institute Library 06/05/2007 1100.00 909.0974927 HOV 018604 Books
                   Copyright © 2026 | Henry Martyn Institute | Hyderabad | TS-500052 | INDIA | Implemented by hmi.edu.in
Hit-Count:

Powered by Koha